Statistics for US States Bordering Ohio

Click here to take the quiz!

General Stats

  • This quiz has been taken 106 times
  • The average score is 5 of 5

Answer Stats

State% Correct
Indiana
97%
Michigan
97%
Kentucky
96%
Pennsylvania
96%
West Virginia
87%

Score Distribution

Percentile by Number Answered

Percent of People with Each Score

Your Score History

You have not taken this quiz